000 00655nam a2200205 i 4500
001 189733
003 ES-MaACL
005 20250823063132.0
008 191002s1960 sp |||| | spa d
100 1 _aVives, Juan Luis,
_d1492-1540
_9115574
245 1 0 _aObras sociales y políticas /
_cJuan Luis Vives.
260 _aMadrid :
_bPublicaciones Españolas,
_c1960.
300 _a299 p. ;
_c17 cm.
490 1 _aEl libro para todos ;
_v8
650 4 _aBeneficencia.
_9135682
651 4 _aEuropa-
_xHistoria-
_y1492-1648.
_9167962
830 0 _aEl libro para todos ;
_v8
_9182850
852 _aES-MaACL
_jP-871-Bis-2
999 _c189733
_d189733